[Event "Joao Pessoa Fischer Memorial 10th"]
[Site "Joao Pessoa"]
[Date "2019.03.31"]
[Round "6"]
[White "Urquiza, Marcello de Albuque"]
[Black "Araujo, Jose Roberto"]
[Result "1-0"]
[WhiteElo "2026"]
[BlackElo "2107"]
[PlyCount "77"]
[EventDate "2019.03.29"]
[EventType "swiss"]
[EventRounds "6"]
[EventCountry "BRA"]
[SourceTitle "CBM 190 Extra"]
[Source "ChessBase"]
[SourceDate "2019.07.15"]
[SourceVersion "1"]
[SourceVersionDate "2019.07.15"]
[SourceQuality "1"]

1. e4 c5 2. Nf3 e6 3. d4 cxd4 4. Nxd4 a6 5. c4 Nf6 6. Nc3 Bb4 7. Nc2 Bxc3+ 8. bxc3 Qa5 9. Qd3 0-0 10. Ba3 Re8 11. Bb4 Qg5 12. Bd6 e5 13. g3 b5 14. c5 Bb7 15. Bg2 Qg6 16. f3 h5 17. Ne3 Nc6 18. 0-0 a5 19. Qd2 b4 20. Nf5 Ba6 21. Rfc1 Nh7 22. cxb4 axb4 23. a3 b3 24. Rab1 Qe6 25. Bh3 Kh8 26. Kg2 g5 27. Ng7 Qf6 28. Nxe8 Rxe8 29. Bxd7 Nd4 30. Bxe5 Qxe5 31. Bxe8 g4 32. Rd1 gxf3+ 33. Kf2 Ne2 34. Rxb3 Nf6 35. Qh6+ Kg8 36. Bxf7+ Kxf7 37. Rxf3 Bb5 38. Kg2 Bc6 39. Qxf6+ 1-0

[Event "Florianopolis op 5th"]
[Site "Florianopolis"]
[Date "2019.01.22"]
[Round "2"]
[White "Araujo, Jose Roberto"]
[Black "Bonvini, Alberto Tonhati"]
[Result "1-0"]
[WhiteElo "2142"]
[BlackElo "1880"]
[PlyCount "125"]
[EventDate "2019.01.21"]
[EventType "swiss"]
[EventRounds "10"]
[EventCountry "BRA"]
[SourceTitle "CBM 188 Extra"]
[Source "ChessBase"]
[SourceDate "2019.02.28"]
[SourceVersion "1"]
[SourceVersionDate "2019.02.28"]
[SourceQuality "1"]

1. e4 e5 2. Nc3 Nc6 3. g3 Bc5 4. Bg2 d6 5. Nge2 Nf6 6. d3 Be6 7. Na4 Bb6 8. Nxb6 axb6 9. c4 Qd7 10. h3 Nb4 11. Be3 b5 12. Qb3 Na6 13. Qxb5 Qxb5 14. cxb5 Nb4 15. Kd2 Rxa2 16. Kc3 Rxa1 17. Rxa1 Na2+ 18. Kd2 0-0 19. d4 exd4 20. Nxd4 Nb4 21. Nxe6 fxe6 22. Kc3 c5 23. Rd1 Rd8 24. Bxc5 Nbd5+ 25. exd5 dxc5 26. Kc4 b6 27. Bf3 exd5+ 28. Bxd5+ Kf8 29. Bf3 Rxd1 30. Bxd1 Ke7 31. f4 Kd6 32. Bf3 h6 33. Kd3 Ke6 34. Ke3 Ne8 35. Bc6 Nd6 36. b3 Nf5+ 37. Kf3 Nd4+ 38. Ke4 Ne2 39. g4 Nc3+ 40. Kd3 Na2 41. Bf3 Nb4+ 42. Ke4 g5 43. f5+ Kf6 44. Ke3 Ke5 45. Kd2 Na2 46. Be2 Nb4 47. Bc4 Kf6 48. Ke3 Ke5 49. f6 Kxf6 50. Ke4 Nc2 51. Kd5 Ke7 52. Kc6 Nd4+ 53. Kxb6 Kd6 54. Ka7 Kd7 55. Kb7 Kd6 56. Kc8 h5 57. gxh5 g4 58. hxg4 Nf3 59. h6 Ne5 60. h7 Ng6 61. Bf7 Ne5 62. h8Q Nc4 63. Qf6# 1-0

[Event "Natal-ch"]
[Site "Natal"]
[Date "2016.02.06"]
[Round "2"]
[White "Araujo, Jose Roberto"]
[Black "Cilento, Lucas Geraldo"]
[Result "1-0"]
[WhiteElo "2136"]
[BlackElo "1928"]
[PlyCount "43"]
[EventDate "2016.02.06"]
[EventType "swiss"]
[EventRounds "6"]
[EventCountry "BRA"]
[SourceTitle "CBM 171 Extra"]
[Source "ChessBase"]
[SourceDate "2016.04.26"]
[SourceVersion "1"]
[SourceVersionDate "2016.04.26"]
[SourceQuality "1"]

1. d4 Nf6 2. c4 e6 3. Nc3 Bb4 4. Qc2 0-0 5. Nf3 d5 6. a3 Be7 7. Bg5 b6 8. cxd5 exd5 9. e3 c5 10. Be2 Bb7 11. 0-0 Nbd7 12. Rfd1 Rc8 13. Rac1 h6 14. Bf4 Re8 15. h3 a6 16. dxc5 bxc5 17. Ne5 Nf8 18. Bf3 Bd6 19. Nxd5 Nxd5 20. Bxd5 Bxd5 21. Rxd5 Qf6 22. Ng4 1-0

[Event "Florianopolis op 2nd"]
[Site "Florianopolis"]
[Date "2016.01.22"]
[Round "10"]
[White "Araujo, Jose Roberto"]
[Black "Mekhitarian, Krikor Sevag"]
[Result "0-1"]
[WhiteElo "2156"]
[BlackElo "2555"]
[PlyCount "76"]
[EventDate "2016.01.16"]
[EventType "swiss"]
[EventRounds "10"]
[EventCountry "BRA"]
[SourceTitle "CBM 170 Extra"]
[Source "ChessBase"]
[SourceDate "2016.02.25"]
[SourceVersion "1"]
[SourceVersionDate "2016.02.25"]
[SourceQuality "1"]

1. d4 Nf6 2. c4 g6 3. Nc3 d5 4. Bf4 Bg7 5. e3 0-0 6. Rc1 c5 7. dxc5 Be6 8. Nf3 Nc6 9. Be2 Ne4 10. Nd4 Nxd4 11. exd4 Nxc3 12. bxc3 dxc4 13. Qa4 Bd5 14. 0-0 Qe8 15. Qxe8 Rfxe8 16. Bf3 Bxf3 17. gxf3 e5 18. dxe5 Bxe5 19. Bxe5 Rxe5 20. Rb1 Rg5+ 21. Kh1 Rb8 22. c6 b6 23. Rfd1 Rc8 24. Rd6 Rc5 25. Rd7 R8xc6 26. Rxa7 Rf6 27. f4 Rxf4 28. Kg2 Rg5+ 29. Kf1 Rh5 30. Kg2 b5 31. a4 bxa4 32. Rbb7 Rg5+ 33. Kf1 Rf3 34. Rxa4 Rxc3 35. Rc7 Rc1+ 36. Ke2 Rc2+ 37. Ke3 Re5+ 38. Kd4 Rf5 0-1

[Event "Florianopolis op 2nd"]
[Site "Florianopolis"]
[Date "2016.01.17"]
[Round "2"]
[White "Araujo, Jose Roberto"]
[Black "Paredes, Bryan"]
[Result "1-0"]
[WhiteElo "2156"]
[BlackElo "1865"]
[PlyCount "57"]
[EventDate "2016.01.16"]
[EventType "swiss"]
[EventRounds "10"]
[EventCountry "BRA"]
[SourceTitle "CBM 170 Extra"]
[Source "ChessBase"]
[SourceDate "2016.02.25"]
[SourceVersion "1"]
[SourceVersionDate "2016.02.25"]
[SourceQuality "1"]

1. e4 c5 2. d3 Nc6 3. g3 e6 4. Bg2 Nf6 5. Nf3 d5 6. e5 Nd7 7. Bf4 Be7 8. h4 0-0 9. Nbd2 f6 10. exf6 Bxf6 11. Bg5 h6 12. Bxf6 Qxf6 13. c3 Nde5 14. Qe2 Qf5 15. Nxe5 Nxe5 16. Bf1 c4 17. dxc4 dxc4 18. Ne4 Nd3+ 19. Kd2 Rd8 20. Ke3 Ne5 21. Bh3 Qg6 22. f4 Rd3+ 23. Kf2 Rf3+ 24. Kg2 Rxf4 25. Nd6 Nd3 26. Raf1 Rxh4 27. Nxc8 Nf4+ 28. Rxf4 Rxf4 29. Ne7+ 1-0

[Event "American Continental 10th"]
[Site "Praia da Pipa"]
[Date "2014.10.23"]
[Round "8"]
[White "Magas Varas, Rodrigo"]
[Black "Araujo, Jose Roberto"]
[Result "1-0"]
[WhiteElo "2041"]
[BlackElo "2205"]
[PlyCount "83"]
[EventDate "2014.10.18"]
[EventType "swiss"]
[EventRounds "11"]
[EventCountry "BRA"]
[SourceTitle "EXT 2015"]
[Source "ChessBase"]
[SourceDate "2014.11.20"]
[SourceVersion "1"]
[SourceVersionDate "2014.11.20"]
[SourceQuality "1"]

1. e4 c5 2. Nf3 d6 3. d4 cxd4 4. Nxd4 Nf6 5. Nc3 a6 6. f3 Qb6 7. Nb3 e5 8. Qe2 Be6 9. Be3 Qc7 10. 0-0-0 Be7 11. g4 0-0 12. h4 Nbd7 13. h5 Nb6 14. g5 Nfd7 15. Nd5 Nxd5 16. exd5 Bf5 17. Bh3 Bxh3 18. Rxh3 Rfc8 19. Kb1 a5 20. Qd3 Qc4 21. Qxc4 Rxc4 22. Nd2 Rcc8 23. Ne4 b5 24. b3 a4 25. f4 exf4 26. Bxf4 Ra6 27. Rd4 Rca8 28. Rb4 axb3 29. axb3 f5 30. Ng3 Ra1+ 31. Kb2 R1a2+ 32. Kb1 Nf6 33. Rxb5 Ra1+ 34. Kb2 R1a2+ 35. Kc1 Rc8 36. Rh2 Ng4 37. Nxf5 Bf8 38. Re2 Ne5 39. Bxe5 dxe5 40. d6 Rd8 41. Rbxe5 Ra6 42. g6 1-0

[Event "American Continental 10th"]
[Site "Praia da Pipa"]
[Date "2014.10.19"]
[Round "3"]
[White "Araujo, Jose Roberto"]
[Black "Reboucas, Deive Pacheco"]
[Result "1-0"]
[WhiteElo "2205"]
[BlackElo "2008"]
[PlyCount "93"]
[EventDate "2014.10.18"]
[EventType "swiss"]
[EventRounds "11"]
[EventCountry "BRA"]
[SourceTitle "EXT 2015"]
[Source "ChessBase"]
[SourceDate "2014.11.20"]
[SourceVersion "1"]
[SourceVersionDate "2014.11.20"]
[SourceQuality "1"]

1. e4 a6 2. d4 b5 3. Bd3 Bb7 4. c3 Nf6 5. Nd2 e6 6. Ngf3 c5 7. 0-0 Qc7 8. Re1 Be7 9. e5 Nd5 10. Ne4 c4 11. Bb1 h6 12. Qe2 a5 13. a4 b4 14. Nfd2 Ba6 15. Qg4 Nc6 16. Qxg7 0-0-0 17. Qg4 Rdg8 18. Qf3 Kb8 19. Bc2 b3 20. Bd1 Rg6 21. Be2 Nd8 22. Bf1 Nb6 23. Nd6 Bxd6 24. exd6 Qxd6 25. Nxc4 Nxc4 26. Bxc4 Bb7 27. Bf4 Bxf3 28. Bxd6+ Kb7 29. Bg3 Bd5 30. Bxd5+ exd5 31. Re5 Kc6 32. Ra3 d6 33. Re7 h5 34. Rxb3 h4 35. Bf4 Ne6 36. Reb7 Nc7 37. h3 Rhg8 38. g3 Re6 39. Kg2 hxg3 40. fxg3 Re4 41. R3b6+ Kd7 42. Rxd6+ Kc8 43. Rxc7+ Kxc7 44. Rg6+ Rxf4 45. Rxg8 Rf6 46. Re8 Rb6 47. Re2 1-0

[Event "American Continental 10th"]
[Site "Praia da Pipa"]
[Date "2014.10.19"]
[Round "2"]
[White "Hernandez Guerrero, Gilberto Eduardo"]
[Black "Araujo, Jose Roberto"]
[Result "1-0"]
[WhiteElo "2531"]
[BlackElo "2205"]
[PlyCount "107"]
[EventDate "2014.10.18"]
[EventType "swiss"]
[EventRounds "11"]
[EventCountry "BRA"]
[SourceTitle "EXT 2015"]
[Source "ChessBase"]
[SourceDate "2014.11.20"]
[SourceVersion "1"]
[SourceVersionDate "2014.11.20"]
[SourceQuality "1"]

1. e4 c5 2. Nc3 e6 3. Nf3 d6 4. d4 cxd4 5. Nxd4 Nf6 6. Be2 Be7 7. 0-0 Nc6 8. Be3 Nxd4 9. Qxd4 0-0 10. f4 a6 11. Rad1 Qc7 12. Qb6 Qb8 13. a4 Bd7 14. Bf3 Bc6 15. Qb3 e5 16. Kh1 exf4 17. Bxf4 Nd7 18. Nd5 Bd8 19. Nb4 Ne5 20. Nxc6 bxc6 21. Qxb8 Rxb8 22. b3 Be7 23. Be2 a5 24. Bxe5 dxe5 25. Rd7 Bf6 26. Bc4 Rbd8 27. Ra7 Ra8 28. Bxf7+ Kh8 29. Rxa8 Rxa8 30. g3 Rd8 31. Kg2 Rd2+ 32. Rf2 Rd6 33. h4 g6 34. Bc4 Kg7 35. c3 Rd8 36. Kf1 Rd1+ 37. Ke2 Rd7 38. Rf3 Bd8 39. Be6 Re7 40. Rd3 Bc7 41. Bd7 c5 42. Bb5 g5 43. hxg5 Kg6 44. Rd5 Kxg5 45. Kf3 Bb6 46. Bc4 Rf7+ 47. Kg2 Re7 48. Rd6 Bc7 49. Rc6 Rd7 50. Rxc5 h5 51. Kf3 h4 52. gxh4+ Kxh4 53. Bd5 Rg7 54. Ke2 1-0

[Event "Recife Arraes Memorial 7th"]
[Site "Recife"]
[Date "2014.08.29"]
[Round "2"]
[White "Araujo, Jose Roberto"]
[Black "Chang, Suzana"]
[Result "1/2-1/2"]
[WhiteElo "2191"]
[BlackElo "1991"]
[PlyCount "48"]
[EventDate "2014.08.29"]
[EventType "swiss"]
[EventRounds "6"]
[EventCountry "BRA"]
[SourceTitle "EXT 2015"]
[Source "ChessBase"]
[SourceDate "2014.11.20"]
[SourceVersion "1"]
[SourceVersionDate "2014.11.20"]
[SourceQuality "1"]

1. d4 Nf6 2. c4 g6 3. Nc3 Bg7 4. Nf3 0-0 5. Bf4 d6 6. e3 Nfd7 7. Be2 e5 8. Bg3 Nc6 9. 0-0 Ne7 10. h3 Nf5 11. Bh2 c6 12. Re1 Re8 13. Na4 Qf6 14. dxe5 dxe5 15. Nc3 Qe7 16. Ne4 Nc5 17. Nxc5 Qxc5 18. Qd2 a5 19. Qc2 Qe7 20. Nd2 Nh4 21. Nb1 Qg5 22. Bg3 Nf5 23. Bh2 Nh4 24. Bg3 Nf5 1/2-1/2

[Event "Recife Arraes Memorial 7th"]
[Site "Recife"]
[Date "2014.08.29"]
[Round "1"]
[White "Pereira Fo, Hildebrando Apolon"]
[Black "Araujo, Jose Roberto"]
[Result "0-1"]
[WhiteElo "1806"]
[BlackElo "2191"]
[PlyCount "80"]
[EventDate "2014.08.29"]
[EventType "swiss"]
[EventRounds "6"]
[EventCountry "BRA"]
[SourceTitle "EXT 2015"]
[Source "ChessBase"]
[SourceDate "2014.11.20"]
[SourceVersion "1"]
[SourceVersionDate "2014.11.20"]
[SourceQuality "1"]

1. c4 Nf6 2. Nf3 g6 3. Nc3 Bg7 4. d3 d6 5. g3 Nbd7 6. Bg2 0-0 7. 0-0 e5 8. Qc2 a5 9. Ng5 h6 10. Nge4 Ne8 11. Rb1 f5 12. Nd2 Nc5 13. b4 axb4 14. Rxb4 Nf6 15. Rd1 c6 16. Qb1 Kh7 17. Nb3 Ne6 18. Ra4 Bd7 19. d4 exd4 20. Nxd4 Nxd4 21. Rxd4 Ne4 22. Rxa8 Qxa8 23. Nxe4 Bxd4 24. Nxd6 b6 25. Nb5 Bf6 26. Bb2 Qd8 27. Nd4 Qe7 28. e3 Qb4 29. Qc2 c5 30. Nb3 Bxb2 31. Qxb2 Qxc4 32. Qe5 Qe6 33. Qc7 Rf7 34. Qd8 Bb5 35. Qa8 Rd7 36. Bf3 Bc4 37. Qa4 Bd5 38. Be2 Bc6 39. Qa6 Qe4 40. f3 Qxe3+ 0-1

[Event "Joao Pessoa-ch"]
[Site "Joao Pessoa"]
[Date "2014.08.01"]
[Round "2"]
[White "De Oliveira, Jefferson Pereira"]
[Black "Araujo, Jose Roberto"]
[Result "0-1"]
[WhiteElo "1985"]
[BlackElo "2191"]
[PlyCount "116"]
[EventDate "2014.08.01"]
[EventType "swiss"]
[EventRounds "6"]
[EventCountry "BRA"]
[SourceTitle "CBM 161 Extra"]
[Source "ChessBase"]
[SourceDate "2014.08.29"]
[SourceVersion "1"]
[SourceVersionDate "2014.08.29"]
[SourceQuality "1"]

1. d4 Nf6 2. Nf3 g6 3. g3 Bg7 4. Bg2 d6 5. 0-0 0-0 6. Nbd2 Nbd7 7. e4 e5 8. d5 Nc5 9. Re1 a5 10. h3 Ne8 11. Nb3 a4 12. Nxc5 dxc5 13. c4 Nd6 14. Qd3 h6 15. Qe2 b6 16. Bd2 Qe7 17. Bc3 Ba6 18. b3 Rae8 19. Qb2 Kh7 20. Rad1 f6 21. Qe2 Qd7 22. Qb2 Ra8 23. Kh2 Bb7 24. Ng1 Ra6 25. Qe2 axb3 26. axb3 Ra3 27. Qb2 Rfa8 28. Ra1 Rxa1 29. Rxa1 Rxa1 30. Qxa1 f5 31. Bxe5 fxe4 32. Ne2 b5 33. Nf4 Bxe5 34. Qxe5 Qg7 35. Qxg7+ Kxg7 36. Ne6+ Kf6 37. Nxc5 bxc4 38. bxc4 Ke5 39. Bf1 Bc8 40. Nb3 Ba6 41. Na5 Kd4 42. Nc6+ Kc5 43. Ne5 Bxc4 44. Bxc4 Nxc4 45. Nxg6 Kxd5 46. g4 Ne5 47. Nf4+ Kd6 48. Kg3 c5 49. h4 Nf7 50. f3 Ke5 51. fxe4 Kxe4 52. Ne6 c4 53. Nc5+ Kd4 54. Na4 Ke3 55. Nb2 Nd6 56. Nxc4+ Nxc4 57. g5 h5 58. g6 Nd6 0-1

[Event "Cidade de Paulista 1st"]
[Site "Piedade"]
[Date "2013.12.11"]
[Round "7"]
[White "Alves Campelo, Danilo Cesar De"]
[Black "Araujo, Jose Roberto"]
[Result "0-1"]
[WhiteElo "1998"]
[BlackElo "2196"]
[PlyCount "92"]
[EventDate "2013.12.07"]
[EventType "tourn"]
[EventRounds "7"]
[EventCountry "BRA"]
[SourceTitle "EXT 2018"]
[Source "ChessBase"]
[SourceDate "2017.10.13"]
[SourceVersion "1"]
[SourceVersionDate "2017.10.13"]
[SourceQuality "1"]

1. e4 c5 2. Nf3 d6 3. d4 cxd4 4. Nxd4 Nf6 5. Nc3 a6 6. Be3 e5 7. Nb3 Be6 8. f4 Ng4 9. Qf3 Nxe3 10. Qxe3 exf4 11. Qxf4 Be7 12. Bd3 Nc6 13. 0-0 0-0 14. Nd5 Bg5 15. Qg3 Ne5 16. Kh1 Bh4 17. Qe3 Rc8 18. Nd4 Bxd5 19. exd5 Bg5 20. Qe4 Nxd3 21. Qxd3 Bf6 22. c3 g6 23. Rf3 Bg7 24. Raf1 Qa5 25. Qe4 Rce8 26. Qg4 Qxd5 27. Qd7 Bxd4 28. cxd4 Re2 29. Qg4 Re4 30. Rf4 Rxf4 31. Qxf4 Re8 32. h3 Re2 33. Rf2 Rxf2 34. Qxf2 Qxa2 35. Qd2 Qd5 36. Qe3 Kg7 37. Qf2 a5 38. Qd2 a4 39. Qc3 b5 40. Qd2 h5 41. Qc3 Qc4 42. Qd2 b4 43. Qf4 a3 44. bxa3 bxa3 45. Qxd6 a2 46. Qe5+ Kh7 0-1